Responses for show #2063 - Wednesday, July 21, 1993

1993 Seniors Tournament semifinal game 3.

Contestants

Barbara Broerman, a physician from Minneapolis, Minnesota

Lee Gelber, a toy and game marketer from New York City, New York

Marilyn Kneeland, a retired teacher from San Diego, California

Jeopardy! Round responses

U.S. PRESIDENTS
4-LETTER WORDS
SIGNS & SYMBOLS
BOTANY
ODDS & ENDS
CELEBRITY COMMON BONDS
    $100 5
Jimmy Carter

Barbara
    $100 16
solo

Marilyn
    $100 21
rice

Barbara
    $100 26
bark

Lee
    $100 11
a mousetrap

Barbara
    $100 1
(Marilyn: [*].)
(Alex: Remember your phrasing.)

they all played Dracula

Marilyn
    $200 7
Ronald Reagan

Marilyn
    $200 17
a brat

Marilyn
    $200 22
Pisces

Marilyn
    $200 27
nectar

Barbara
    $200 12
Rodin

Marilyn
    $200 2
Miss America

Barbara
    $300 8
Teddy Roosevelt

Barbara
    $300 18
a pang

Marilyn
    $300 23
(Marilyn: What's a unicorn?)
...
(Barbara: What's a [*]?
[Laughter]
(Alex: Another plug; this time for my boss.)

a griffin

MarilynBarbara
    $300 28
chlorophyll

Barbara
    $300 13
cable cars

Barbara
    $300 3
(Barbara: Who are [*]? From Minneapolis.)
[Laughter]
(Alex: Plug for the home town?)

the Andrews Sisters

Barbara
    $400 9
Calvin Coolidge

Lee
    $400 19
viva

Lee
    $400 24
a maple leaf

Barbara
    $400 29
a tuber

Barbara
    $400 14
pronouns

Lee
    $400 4
(Lee: Who were in [*]?)

A Streetcar Named Desire

Lee
    $500 10
Benjamin Harrison

Barbara
    $500 20
a bail

Triple Stumper
    $500 25
a signet

Barbara
    $1,500 30
hybrids

Barbara
    $500 15
Ling Ling

Marilyn
    $500 6
married to Eddie Fisher

Lee

Scores at the first commercial break (after clue 15):

Marilyn Lee Barbara
$1,000 $1,700 $1,800

Scores at the end of the Jeopardy! Round:

Marilyn Lee Barbara
$1,500 $2,200 $5,500

Double Jeopardy! Round responses

THE 1950s
GEOGRAPHY
BOOKS & AUTHORS
JAZZ
WINSTON CHURCHILL
GREEK TRAGEDY & COMEDY
    $200 21
the Mercury Seven astronauts

Lee
    $200 16
the Suez Canal

Marilyn
    $200 11
Animal Farm

Marilyn
    $200 22
Louis Armstrong

Marilyn
    $200 6
the United States

Lee
    $200 1
masks

Barbara
    $400 23
Adlai Stevenson

Barbara
    $400 17
Lake Victoria

Lee
    $400 12
Ray Bradbury

Marilyn
    $400 27
Buddy Rich

Barbara
    $400 7
Chamberlain

Barbara
    $400 2
cyclops

Marilyn
    $600 24
Damn Yankees

Marilyn
    $600 18
Istanbul

Marilyn
    $600 13
Lord of the Flies

Marilyn
    $600 28
Ella Fitzgerald

Lee
    $600 8
(Marilyn: [*].)
(Alex: [Makes sounds as time runs down] Remember your phrasing.)

by so many to so few

Marilyn
    $1,500 3
the chorus

Marilyn
    $800 25
King Farouk

Barbara
    $800 19
(Barbara: What is Aden?)

the Gulf of Aqaba

LeeBarbara
    $800 14
Solzhenitsyn

Marilyn
    $800 30
Dave Brubeck

Lee
    $800 9
St. Paul's Cathedral

Marilyn
    $800 4
Orestes

Marilyn
    $3,000 26
Rudolf Bing

Barbara
    $1000 20
Mount Godwin Austen

Triple Stumper
    $1000 15
Sinclair Lewis

Barbara
    $1000 29
Count Basie

Lee
    $1000 10
Sandhurst

Marilyn
    $1000 5
Aristophanes

Marilyn

Scores at the end of the Double Jeopardy! Round:

Marilyn Lee Barbara
$11,200 $6,200 $10,900

[wagering suggestions for these scores]

Final Jeopardy! Round responses

ARCHITECTURE
LeeWhat is the Taj Mahal
$6,200
BarbaraWhat is the Taj Mahal?
$10,900
MarilynWhat was the Taj Mahal?
$11,000
the Taj Mahal

Final scores:

Marilyn Lee Barbara
$22,200 $12,400 $21,800
Finalist 3rd place: $5,000 2nd place: $5,000

Game dynamics:

Coryat scores:

Marilyn Lee Barbara
$10,300 $6,200 $7,900
23 R
(including 1 DD),
1 W
13 R,
0 W
22 R
(including 2 DDs),
1 W

Combined Coryat: $24,400

The J! Archive is created by fans, for fans. The Jeopardy! game show and all elements thereof, including but not limited to copyright and trademark thereto, are the property of Jeopardy Productions, Inc. and are protected under law. This website is not affiliated with, sponsored by, or operated by Jeopardy Productions, Inc. Join the discussion at JBoard.tv.